00499nab a22001457a 4500003000400000005001700004008004100021040003700062082003600099100001800135245006100153260004500214650002200259773007200281OSt20250430030914.0250404t2005 |||||||| |||| 00| 0 eng d cJMCFI - Learning Resource Center aPer. 370.7’051 M689 2004-2006 aZarate, Paz R aCaring and developing energy resources /cPaz R. Zarate. aManila :bThe Grade School, Inc.,c2005. aEnergy resources. g, volume 54, number 7 (December 2005) page 285.tThe Modern Teacher